00393nam a2200169Ia 4500003000400000008004100004040001600045082001700061100001700078245003000095260002000125300001000145650001500155650001200170650001900182650002200201GCL140319s9999 xx 000 0 eng d aGCL / cGCL04aCHb843bH G1 aHUGO, VICTOR10aGAVROCHE / cHUGO, VICTOR a[S.N] : bHEMMA a156 P04aLITERATURE04aFICTION04aFRENCH FICTION04aFRENCH LITERATURE